Who Wrote That? #32 - Statistics

General Stats
  • This quiz has been taken 63 times
  • The average score is 6 of 10
Answer Stats
Hint Explanation Answer % Correct
“Uneasy lies the head that wears a crown.” King Henry IV, Part Two William Shakespeare
85%
“In spite of everything, I still believe people are really good at heart.” The Diary of a Young Girl Anne Frank
78%
“It is an ancient Mariner,
And he stoppeth one of three.
`By thy long beard and glittering eye,
Now wherefore stopp'st thou me?

'The Bridegroom's doors are opened wide,
And I am next of kin;
The guests are met, the feast is set:
May'st hear the merry din.'

He holds him with his skinny hand,
'There was a ship,' quoth he.
'Hold off ! unhand me, grey-beard loon !'
Eftsoons his hand dropt he.”
“The Rime of The Ancient Mariner” Samuel Taylor Coleridge
72%
“The person, be it gentleman or lady, who has not pleasure in a good novel, must be intolerably stupid.” Northanger Abbey Jane Austen
70%
“All the long way to school
And all the way back,
I’ve looked and I’ve looked
And I’ve kept careful track.
But all that I’ve noticed,
Except my own feet,
Was a horse and a wagon
On Mulberry Street.”
And to Think That I Saw It on Mulberry Street Dr. Seuss
59%
“In Flanders fields the poppies blow
Between the crosses, row on row,
  That mark our place; and in the sky
  The larks, still bravely singing, fly
Scarce heard amid the guns below.

We are the Dead. Short days ago
We lived, felt dawn, saw sunset glow,
   Loved and were loved, and now we lie,
     In Flanders fields.”
“In Flanders Fields” John McCrae
50%
“When I visit the past now, it is for wisdom and experience, not for regret or shame. I don't attempt to erase it, only to accept it. Whatever my physical circumstances are today, I will deal with them and remain present. If I fall, I will rise up. As for the future, I haven't been there yet. I only know that I have one. Until I don't. The last thing we run out of is future.” No Time Like the Future Michael J. Fox
46%
“To keep your marriage brimming
With love in the loving cup,
Whenever you’re wrong, admit it;
Whenever you’re right, shut up.”
“A Word to Husbands” Ogden Nash
46%
“I could recognize him by touch alone, by smell; I would know him blind, by the way his breaths came and his feet struck the earth. I would know him in death, at the end of the world.” The Song of Achilles Madeline Miller
37%
“Real isn't how you are made,” said the Skin Horse. “It's a thing that happens to you. When a child loves you for a long, long time, not just to play with, but REALLY loves you, then you become Real.” The Velveteen Rabbit Margery Williams
26%
No matching quizzes found
Score Distribution
Percent of People with Each Score
Percentile by Number Answered
Your Score History
You have not taken this quiz